01148nas a2200325 4500001001000000003000900010005001700019007000300036008003400039040005400073041000900127072000800136100001800144100001800162100002100180100002000201100001900221245015100240650001100391650002100402650001200423650001400435650002000449650001500469773010800484909004000592942001800632999001900650952015300669BR0301835BR-BrBNA20231205103705.0ta230509b bl.|||p| |||| 00| 00por d aBR-BrBNAbporcBiblioteca Nacional de Agricultura a(Pt) aH101 aLemos, R.N.S.1 aSilva, C.M.C.1 aAraújo, J.R.G.1 aCosta, L.J.M.P.1 aSalles, J.R.J.1 aEficiência de substâncias atrativas na captura de moscas-das-frutas (Diptera: Tephritidae)em goiabeiras no município de Itapecuru-mirim (MA) aGOIABA aMOSCA DAS FRUTAS aCAPTURA aARMADILHA aPRAGA DE PLANTA aMARANHÃO0 tRevista Brasileira de Fruticultura (Brazil)xISSN 0100-2945g(Dec 2002), v. 24(3) p. 687-689wBR0301835 a202311bLúciac55dLúcia Elande 2AGRISn0cANA c174236d174236 002AGRIS4071a41918b41918cPeriódicos Agrícolash(Dec 2002), v. 24(3) p. 687-689l0r2023-11-29t01yCRePortaria Interministerial nº 164/94